Social change in India from 1900-50 / (Record no. 69220)

MARC details
000 -LEADER
fixed length control field 00974nam a22002657a 4500
005 - DATE AND TIME OF LATEST TRANSACTION
control field 20120823101658.0
008 - FIXED-LENGTH DATA ELEMENTS--GENERAL INFORMATION
fixed length control field 120823t xxu||||| |||| 00| 0 eng d
010 ## - LCCN (DPL NO)
LC control number ENG-105602
020 ## - INTERNATIONAL STANDARD BOOK NUMBER
International Standard Book Number 9789350176146
Terms of availability 395.00
035 ## - SYSTEM CONTROL NUMBER
System control number EN-89135
037 ## - SOURCE OF ACQUISITION
Source of stock number/acquisition DBAD/PUB
040 ## - CATALOGING SOURCE
Original cataloging agency DPL
Language of cataloging Eng
082 ## - DEWEY DECIMAL CLASSIFICATION NUMBER
Classification number 303.40954
100 ## - MAIN ENTRY--PERSONAL NAME
9 (RLIN) 51282
245 ## - TITLE STATEMENT
Title Social change in India from 1900-50 /
Statement of responsibility, etc edited by Gurdip Sharma, Jaspal Singh [and] Suresh Sharma
260 ## - PUBLICATION, DISTRIBUTION, ETC. (IMPRINT)
Place of publication, distribution, etc Chandigarh
Name of publisher, distributor, etc Unistar Books
Date of publication, distribution, etc 2012
270 ## - ADDRESS
Address S.C.O.26-27, Sector 34A
City Chandigarh
Postal code 160022
300 ## - PHYSICAL DESCRIPTION
Extent xii,195p.
Dimensions 24cm(Hb)
500 ## - GENERAL NOTE
General note Includes bibliographical references
700 ## - ADDED ENTRY--PERSONAL NAME
Personal name Sharma, Gurdip
9 (RLIN) 51380
700 ## - ADDED ENTRY--PERSONAL NAME
Personal name Jaspal Singh
9 (RLIN) 51381
700 ## - ADDED ENTRY--PERSONAL NAME
Personal name Suresh Kumar
9 (RLIN) 51382
942 ## - ADDED ENTRY ELEMENTS (KOHA)
Source of classification or shelving scheme Dewey Decimal Classification
Item type English Books
Call number suffix SOC
Classification part 303.40954
Holdings
Withdrawn status Lost status Source of classification or shelving scheme Damaged status Not for loan Collection code Home library Current library Date acquired Source of acquisition Cost, normal purchase price Total Checkouts Full call number Barcode Date last seen Copy number Cost, replacement price Koha item type
    Dewey Decimal Classification   Not For Loan Non-fiction D.B.Act.Division D.B.Act.Division 23/08/2012 DBAD / PUB 395.00   303.40954 SOC EN-89135 23/08/2012 1 395.00 English Books

© Delhi Public Library
Hit Counter
free hit counter